Malér. Konec

Podrobná bibliografia
Hlavný autor: Strejček, Václav, 1954- (Autor)
Médium: Článok
Jazyk:slovenčina
čeština
Predmet:

MARC

LEADER 00000nab a2200000 a 4500
001 vtls000627177
003 SK-MaSNL
005 20260304094814.0
008 250425c1997 xo 0 slo
015 |a SNBRB19rr/mm-uuuuu 
035 |a CL0627316 
035 |a urn:nbn:sk:snk-abbqv2 
035 |a (urnnbn)urn:nbn:sk:snk:ar-002v26 
035 |a (uuid)a1af87ef-a5ba-442c-b1b5-ba087a451402 
040 |a SNKBUCL  |b slo  |c SNKBUCL  |e AACR2 
041 0 |a cze 
044 |a xo  |c SK 
080 |a 885.0-1  |2 1981 
100 1 |a Strejček, Václav,  |d 1954-  |4 aut  |9 541041 
245 1 0 |a Malér. Konec  |c Václav Strejček 
650 0 7 |a miniatúry básnické  |2 snkbucl  |9 900261 
655 7 |a články z novín a časopisov  |2 snkbucl  |9 267496 
773 0 |t Dotyky  |g Roč. 9, č. 3 (1997), s. 51 
850 |a Slovenská národná knižnica 
852 |a Slovenská národná knižnica 
958 |a article15 
958 |a OND 
958 |a LX 
958 |a CZ 
958 |a RK 
958 |a EUIPO 
992 |a RBX 
999 |c 2829058  |d 2830988